Catálogo
 En Linea

Evaluación beijing + 5 : (Registro nro. 45688)

Detalles MARC
000 -CABECERA
campo de control de longitud fija 01456nam a2200265 i 4500
001 - NÚMERO DE CONTROL
campo de control 000046199
003 - IDENTIFICADOR DEL NÚMERO DE CONTROL
campo de control DO-SdBNP
005 - FECHA Y HORA DE LA ÚLTIMA TRANSACCIÓN
campo de control 20250812073621.0
007 - CAMPO FIJO DE DESCRIPCIÓN FÍSICA--INFORMACIÓN GENERAL
campo de control de longitud fija ta
008 - DATOS DE LONGITUD FIJA--INFORMACIÓN GENERAL
campo de control de longitud fija 150706e2000 dr ad 000 0 spa d
040 ## - FUENTE DE LA CATALOGACIÓN
Centro catalogador/agencia de origen DO-SdBNP
Lengua de catalogación spa
Centro/agencia transcriptor BNPHU
Normas de descripción rda
041 ## - CÓDIGO DE LENGUA
Código de lengua del texto/banda sonora o título independiente spa
082 #4 - NÚMERO DE LA CLASIFICACIÓN DECIMAL DEWEY
Número de clasificación xxx
Número de documento/Ítem R426s
Número de edición 22
110 1# - ENTRADA PRINCIPAL--NOMBRE DE ENTIDAD CORPORATIVA
Nombre de entidad corporativa o nombre de jurisdicción como elemento de entrada República Dominicana.
Unidad subordinada Secretaría de Estado de la Mujer
9 (RLIN) 38238
245 10 - MENCIÓN DE TÍTULO
Título Evaluación beijing + 5 :
Resto del título resultados de la implementación de la Plataforma de Acción Mundial de la IV Conferencia Mundial sobre la Mujer. documento consolidado /
Mención de responsabilidad, etc. Presentación, Gladys Gutiérrez.
264 #1 - PRODUCCIÓN, PUBLICACIÓN, DISTRIBUCIÓN, FABRICACIÓN Y COPYRIGHT
Producción, publicación, distribución, fabricación y copyright Santo Domingo :
Nombre del de productor, editor, distribuidor, fabricante Secretaría de Estado de la Mujer,
Fecha de producción, publicación, distribución, fabricación o copyright 2000.
300 ## - DESCRIPCIÓN FÍSICA
Extensión 135, [26] páginas :
Otras características físicas ILustraciones, gráficas ;
Dimensiones 26 cm.
336 ## - TIPO DE CONTENIDO
Término de tipo de contenido texto
Código de tipo de contenido txt
Fuente rdacontent
337 ## - TIPO DE MEDIO
Nombre/término del tipo de medio sin mediación
Código del tipo de medio n
Fuente rdamedia
338 ## - TIPO DE SOPORTE
Nombre/término del tipo de soporte volumen
Código del tipo de soporte nc
Fuente rdacarrier
505 ## - NOTA DE CONTENIDO CON FORMATO
Nota de contenido con formato Presentación.-- Antecedentes
Título 1. Mujer y Pobreza.--
-- 2. Mujer y Economía.--
-- 3. Mujer y Salud.--
-- 4. Mujer y Educación.--
-- 5. Mujer y Pobreza.--
-- 6. Derechos Humanos de la mujer.--
-- 7. La mujeres en el ejercicio del poder y la adopción de decisiones.--
-- 8. Mecanismos institucionales para el adelanto de la mujer.--
-- 9. Mujer y difusión.--
-- 10. Mujer y medio ambiente.--
-- 11. Derechos de las niñas.--
-- Conclusiones Generales.--
-- Bibliografía.--
-- Documentación anexa.
590 ## - NOTA LOCAL (RLIN)
Nota local Inventariado 2023 / MF
700 1# - PUNTO DE ACCESO ADICIONAL--NOMBRE DE PERSONA
Nombre de persona Gutiérrez, Gladys
9 (RLIN) 56736
942 ## - ELEMENTOS DE PUNTO DE ACCESO ADICIONAL (KOHA)
Fuente del sistema de clasificación o colocación Dewey Decimal Classification
Tipo de ítem Koha Libro
Existencias
Estado de retiro Estado de pérdida Fuente del sistema de clasificación o colocación Restricciones de uso No para préstamo Código de colección Localización permanente Ubicación/localización actual Ubicación en estantería Fecha de adquisición Fuente de adquisición Total de préstamos Signatura topográfica completa Código de barras Fecha visto por última vez Precio válido a partir de Tipo de ítem Koha Número de copia
    Dewey Decimal Classification Excluido de préstamo   Patrimonio Dominicano Biblioteca Nacional Pedro Henríquez Ureña Biblioteca Nacional Pedro Henríquez Ureña En catalogación 06.07.2015 Perteneció a la biblioteca personal de Chiqui Vicioso / Fidelio Despradel.   R426s 46199-10 25.06.2020 25.06.2020 Libro  
    Dewey Decimal Classification Excluido de préstamo   Patrimonio Dominicano Biblioteca Nacional Pedro Henríquez Ureña Biblioteca Nacional Pedro Henríquez Ureña En catalogación 06.12.2014 Donado por Barbara Suncar   R426s 2024-0050 25.06.2020 25.06.2020 Libro  
    Dewey Decimal Classification Excluido de préstamo   Patrimonio Dominicano Biblioteca Nacional Pedro Henríquez Ureña Biblioteca Nacional Pedro Henríquez Ureña En catalogación 12.08.2025 Donado por Ilonka Nacidit Perdomo   BNPHU DS R426s 2025-8304 12.08.2025 12.08.2025 Libro e.3
    Dewey Decimal Classification Préstamo en sala   Dominicana de Servicio Biblioteca Nacional Pedro Henríquez Ureña Biblioteca Nacional Pedro Henríquez Ureña En catalogación 12.08.2025 Donado por Ilonka Nacidit Perdomo   BNPHU DS R426s 2025-8305 12.08.2025 12.08.2025 Libro e.4

Con tecnología Koha